Adult Health Nursing-I for BSc Nursing, Semester-III (Record no. 357286)

MARC details
000 -LEADER
fixed length control field 00544nam a22001937a 4500
005 - DATE AND TIME OF LATEST TRANSACTION
control field 20240308164345.0
008 - FIXED-LENGTH DATA ELEMENTS--GENERAL INFORMATION
fixed length control field 240229b |||||||| |||| 00| 0 eng d
020 ## - INTERNATIONAL STANDARD BOOK NUMBER
International Standard Book Number 978-93-885-37-1
041 ## - LANGUAGE CODE
Language code of text/sound track or separate title eng
082 ## - DEWEY DECIMAL CLASSIFICATION NUMBER
Edition number 1st
Classification number MS 610.7677 VEN B10812
Item number VEN
100 ## - MAIN ENTRY--PERSONAL NAME
Author Venkatesan B.
245 ## - TITLE STATEMENT
Title Adult Health Nursing-I for BSc Nursing, Semester-III
250 ## - EDITION STATEMENT
Edition statement 1st
260 ## - PUBLICATION, DISTRIBUTION, ETC.
Place of publication, distribution, etc. Bangalore
Name of publisher, distributor, etc. EMMESS Pub.
Date of publication, distribution, etc. 2023
300 ## - PHYSICAL DESCRIPTION
Extent 762p
Other physical details Pb
Dimensions 28X21cm
365 ## - TRADE PRICE
Price type code Rupaye
Price amount 995.00
Currency code INR
521 ## - TARGET AUDIENCE NOTE
Target audience note Adult Health<br/>BSc Nursing<br/>Sem-III
942 ## - ADDED ENTRY ELEMENTS (KOHA)
Koha item type Books
Holdings
Withdrawn status Lost status Source of classification or shelving scheme Damaged status Not for loan Home library Current library Date acquired Vendor Net Price Bill number Full call number Barcode Date last seen Discount Actual Price Bill Date Koha item type Original Barcode Total Checkouts Total Renewals Date last checked out
    Dewey Decimal Classification   Reference Smt. Bakul Tambat Institute of Nursing Education Smt. Bakul Tambat Institute of Nursing Education 28/02/2024 Varad Enterprises 995.00 81 MS 610.7677 VEN B10812 BTIN-BK-10812 29/02/2024 318.40 676.60 27/02/2024 Books BTIN-BK-10812      
    Dewey Decimal Classification     Smt. Bakul Tambat Institute of Nursing Education Smt. Bakul Tambat Institute of Nursing Education 28/02/2024 Varad Enterprises 995.00 81 MS 610.7677 VEN B10813 BTIN-BK-10813 12/01/2026 318.40 676.60 27/02/2024 Books BTIN-BK-10813 13 18 05/12/2025
    Dewey Decimal Classification     Smt. Bakul Tambat Institute of Nursing Education Smt. Bakul Tambat Institute of Nursing Education 28/02/2024 Varad Enterprises 995.00 81 MS 610.7677 VEN B10814 BTIN-BK-10814 20/12/2025 318.40 676.60 27/02/2024 Books BTIN-BK-10814 13 12 15/12/2025
    Dewey Decimal Classification     Smt. Bakul Tambat Institute of Nursing Education Smt. Bakul Tambat Institute of Nursing Education 28/02/2024 Varad Enterprises 995.00 81 MS 610.7677 VEN B10815 BTIN-BK-10815 12/01/2026 318.40 676.60 27/02/2024 Books BTIN-BK-10815 15 14 23/12/2025
    Dewey Decimal Classification     Smt. Bakul Tambat Institute of Nursing Education Smt. Bakul Tambat Institute of Nursing Education 28/02/2024 Varad Enterprises 995.00 81 MS 610.7677 VEN B10816 BTIN-BK-10816 12/01/2026 318.40 676.60 27/02/2024 Books BTIN-BK-10816 11 12 06/12/2025